000 00803nam a2200253Ia 4500
003 OSt
005 20230825112505.0
008 210716s2005 xx 000 0 und d
020 _a8178815214
040 _cAIMIT LIBRARY
041 _aeng
082 _a368
_21
_bKARB
100 _aKaruna, B.
_9130956
245 _aGlobal insurance :
_btrends and issues /
_cEdited by Karuna B.
250 _a1 st ed.
260 _aNew Delhi :
_bICFAI University Press ,
_c2005.
300 _aix,265,6p. ;
_bPB
_c22.5 cm
650 _aInsurance(368)
_9130957
651 _aGlobal insurance industry outlook
_9130958
651 _aWhy do insurance companies fail
_9130959
651 _aGuidance paper on investment risk management
_9130960
700 _aKaruna B., ed.
_9130976
942 _2ddc
_cBK
_e1st
_k368 KARB
999 _c199646
_d199646